[Event "9MCR_4D_1L_2S"]
[Site "?"]
[Date "2010.??.??"]
[Round "?"]
[White "Kuta, Miroslav"]
[Black "Trs, Jan"]
[Result "1-0"]
[WhiteElo "2285"]
[BlackElo "2162"]
[Annotator "069"]
[PlyCount "101"]
[EventDate "2010.??.??"]
[EventType "corr"]
[SourceDate "2002.06.29"]

1. d4 Nf6 2. c4 g6 3. Nc3 d5 4. Nf3 Bg7 5. Qb3 dxc4 6. Qxc4 O-O 7. e4 Na6 8.
Be2 c5 9. d5 e6 10. O-O exd5 11. exd5 Bf5 12. Be3 Qb6 13. b3 Rfe8 14. Rad1 Rad8
15. h3 Qa5 16. Rfe1 Nd7 17. Na4 Nb4 18. Bf1 Nc2 19. Bd2 Qc7 20. Rxe8+ Rxe8 21.
Bc3 Re4 22. d6 Qc6 23. Qb5 Rxa4 24. Bxg7 Qxb5 25. Bxb5 Rxa2 26. g4 Be6 27. Bc3
Kf8 28. Ng5 Ke8 29. Rd2 a6 30. Bxd7+ Kxd7 31. Nxh7 Kc6 32. Nf8 Bd7 33. h4 Bxg4
34. d7 Bxd7 35. Nxd7 Nb4 36. Ne5+ Kb5 37. Nxf7 Rxd2 38. Bxd2 Nc6 39. Kg2 Nd4
40. f4 Kc6 41. Ne5+ Kd5 42. Nxg6 Ke4 43. Ne5 b5 44. h5 Nf5 45. Ng4 b4 46. h6
Nh4+ 47. Kg3 Ng6 48. h7 Kf5 49. Bc1 Nh8 50. Bb2 Kg6 51. Bxh8 1-0

[Event "9MCR_4D_1L_2S"]
[Site "?"]
[Date "2010.??.??"]
[Round "?"]
[White "Mikoska, Josef"]
[Black "Dedina, Miroslav"]
[Result "1/2-1/2"]
[WhiteElo "2242"]
[BlackElo "2238"]
[Annotator "039"]
[PlyCount "60"]
[EventDate "2010.??.??"]
[EventType "corr"]
[SourceDate "2002.06.29"]

1. e4 e5 2. Nf3 Nc6 3. Bb5 Nf6 4. Nc3 Nd4 5. Ba4 Bc5 6. Nxe5 O-O 7. Nd3 Bb6 8.
e5 Ne8 9. O-O d6 10. exd6 Nxd6 11. Nd5 Qh4 12. Ne3 Be6 13. c3 Ne2+ 14. Qxe2
Qxa4 15. Qf3 f6 16. Nf4 Bf7 17. d3 c6 18. b3 Qa5 19. Bb2 Rfe8 20. Rfe1 Nf5 21.
b4 Qe5 22. d4 Qe7 23. Qg4 Nxe3 24. Rxe3 Qd6 25. Rae1 Rxe3 26. Rxe3 Bxa2 27. Nh5
Qf8 28. Ng3 g6 29. Qe2 Bf7 30. Ne4 Bd8 1/2-1/2

[Event "9MCR_4D_1L_2S"]
[Site "?"]
[Date "2010.??.??"]
[Round "?"]
[White "Mikoska, Josef"]
[Black "Koukal, Vladimir"]
[Result "1/2-1/2"]
[WhiteElo "2242"]
[BlackElo "2236"]
[Annotator "037"]
[PlyCount "70"]
[EventDate "2010.??.??"]
[EventType "corr"]
[SourceDate "2002.06.29"]

1. e4 e5 2. Nf3 Nc6 3. Bb5 a6 4. Ba4 Nf6 5. O-O Be7 6. Re1 d6 7. c3 O-O 8. d4
Bd7 9. d5 Nb8 10. Bc2 c6 11. Nxe5 dxe5 12. d6 Bg4 13. dxe7 Qxe7 14. f3 Be6 15.
Qd2 Nbd7 16. Rd1 Rfd8 17. Qd6 Qxd6 18. Rxd6 Ne8 19. Rd1 Nb6 20. Rxd8 Rxd8 21.
b3 Nd7 22. Be3 Nd6 23. h3 f5 24. Na3 f4 25. Bf2 Kf7 26. Rd1 Ke7 27. Bh4+ Nf6
28. c4 b5 29. cxb5 axb5 30. Nb1 b4 31. Bf2 Nd7 32. Bd3 Ra8 33. Rd2 Kd8 34. Rc2
Kc7 35. Nd2 Kb7 1/2-1/2

[Event "9MCR_4D_1L_2S"]
[Site "?"]
[Date "2010.??.??"]
[Round "?"]
[White "Mikoska, Josef"]
[Black "Kuta, Miroslav"]
[Result "1/2-1/2"]
[WhiteElo "2242"]
[BlackElo "2285"]
[Annotator "026"]
[PlyCount "52"]
[EventDate "2010.??.??"]
[EventType "corr"]
[SourceDate "2002.06.29"]

1. e4 e5 2. Nf3 Nf6 3. Bb5 c6 4. Be2 d5 5. d4 exd4 6. exd5 Qxd5 7. Qxd4 Qxd4 8.
Nxd4 Bc5 9. Nb3 Bb6 10. Na3 O-O 11. Nc4 Bf5 12. Nxb6 axb6 13. Nd4 Bg6 14. c4
Na6 15. O-O c5 16. Nb5 Nb4 17. Bg5 Nc2 18. Rad1 Rxa2 19. Bxf6 gxf6 20. Rd2 Nd4
21. Nxd4 cxd4 22. f4 Bf5 23. Bf3 Be6 24. Rc1 Rfa8 25. Bxb7 R8a4 26. h3 Rb4
1/2-1/2

[Event "9MCR_4D_1L_2S"]
[Site "?"]
[Date "2010.??.??"]
[Round "?"]
[White "Mikoska, Josef"]
[Black "Nedoma, Petr"]
[Result "1/2-1/2"]
[WhiteElo "2242"]
[BlackElo "2275"]
[Annotator "029"]
[PlyCount "77"]
[EventDate "2010.??.??"]
[EventType "corr"]
[SourceDate "2002.06.29"]

1. e4 c5 2. Nf3 Nc6 3. d4 cxd4 4. Nxd4 Nf6 5. Nc3 e5 6. Ndb5 d6 7. Bg5 a6 8.
Na3 b5 9. Nd5 Be7 10. Bxf6 Bxf6 11. c3 Bg5 12. Nc2 O-O 13. a4 bxa4 14. Rxa4 Ne7
15. Bc4 Bd7 16. Ra2 a5 17. O-O Nxd5 18. Bxd5 Rc8 19. Qe2 Qb6 20. Na3 Qc5 21.
Rfa1 Be6 22. Rd1 Bd8 23. h3 g6 24. Nb5 Bb6 25. b3 Kh8 26. Bxe6 fxe6 27. Rxd6
Rc6 28. Qd3 Kg7 29. Rd7+ Kg8 30. Qf1 Rf4 31. Rdd2 Rc8 32. Kh2 Rcf8 33. Rac2 Qe7
34. f3 Rxe4 35. Rd6 Bc7 36. Rd1 Re3 37. Nxc7 Qxc7 38. Qc4 Qxc4 39. bxc4 1/2-1/2

[Event "9MCR_4D_1L_2S"]
[Site "?"]
[Date "2010.??.??"]
[Round "?"]
[White "Mikoska, Josef"]
[Black "Paulik, Vaclav"]
[Result "1/2-1/2"]
[WhiteElo "2242"]
[BlackElo "2184"]
[Annotator "030"]
[PlyCount "67"]
[EventDate "2010.??.??"]
[EventType "corr"]
[SourceDate "2002.06.29"]

1. e4 c5 2. Nf3 Nc6 3. d4 cxd4 4. Nxd4 Nf6 5. Nc3 e5 6. Ndb5 d6 7. Bg5 a6 8.
Na3 b5 9. Nd5 Be7 10. Bxf6 Bxf6 11. c3 Bg5 12. Nc2 O-O 13. a4 bxa4 14. Rxa4 a5
15. Ra2 f5 16. Bc4 Kh8 17. exf5 Bxf5 18. O-O Be6 19. b3 Ne7 20. Nce3 Bxe3 21.
Nxe3 d5 22. Rd2 dxc4 23. Rxd8 Rfxd8 24. Qh5 cxb3 25. Qxe5 Ra6 26. f4 a4 27. f5
Nxf5 28. Nxf5 Bxf5 29. Qxf5 Raa8 30. Qb1 Rdb8 31. g4 b2 32. g5 a3 33. Qa2 Ra5
34. h4 1/2-1/2

[Event "9MCR_4D_1L_2S"]
[Site "?"]
[Date "2010.??.??"]
[Round "?"]
[White "Mikoska, Josef"]
[Black "Strnad, Jiri"]
[Result "1/2-1/2"]
[WhiteElo "2212"]
[BlackElo "2231"]
[Annotator "035"]
[PlyCount "71"]
[EventDate "2010.??.??"]
[EventType "corr"]
[SourceDate "2002.06.29"]

1. e4 c6 2. d4 d5 3. Nc3 dxe4 4. Nxe4 Bf5 5. Ng3 Bg6 6. h4 h6 7. Nf3 Nd7 8. h5
Bh7 9. Bd3 Bxd3 10. Qxd3 e6 11. Bf4 Qa5+ 12. Bd2 Qc7 13. O-O-O O-O-O 14. Kb1
Ngf6 15. c4 Kb8 16. Rh4 Bd6 17. Ne4 Nxe4 18. Qxe4 Ka8 19. Bf4 c5 20. Bxd6 Qxd6
21. Qe3 e5 22. d5 f5 23. Rh3 Rhf8 24. Nh4 e4 25. Ng6 Rfe8 26. Qf4 Ne5 27. Nxe5
Qxe5 28. Qxe5 Rxe5 29. Rg3 Rd7 30. Kc2 Kb8 31. f4 exf3 32. Rxf3 Kc7 33. Rd2 f4
34. Rxf4 Rxh5 35. Rg4 Rf7 36. Re2 1/2-1/2

[Event "9MCR_4D_1L_2S"]
[Site "?"]
[Date "2010.??.??"]
[Round "?"]
[White "Nedoma, Petr"]
[Black "Cerveny, Libor"]
[Result "1/2-1/2"]
[WhiteElo "2285"]
[BlackElo "2050"]
[Annotator "011"]
[PlyCount "80"]
[EventDate "2010.??.??"]
[EventType "corr"]
[SourceDate "2002.06.29"]

1. Nf3 Nf6 2. c4 g6 3. d4 Bg7 4. Nc3 d5 5. Bf4 O-O 6. e3 c5 7. dxc5 Qa5 8. Rc1
dxc4 9. Bxc4 Qxc5 10. Bb3 Nc6 11. O-O Qa5 12. h3 Bf5 13. Qe2 Ne4 14. g4 Nxc3
15. bxc3 Bd7 16. Rfd1 Rad8 17. Rd5 Qa3 18. Rcd1 Be6 19. Rxd8 Nxd8 20. Qb5 Bxc3
21. Bh6 Bg7 22. Bxg7 Kxg7 23. Qe5+ Kg8 24. Qc7 Bxb3 25. axb3 Ne6 26. Qxb7 Rd8
27. Rxd8+ Nxd8 28. Qa8 Qc1+ 29. Kg2 Qc7 30. Nd4 e5 31. Nf3 f6 32. Qd5+ Nf7 33.
g5 f5 34. h4 Kg7 35. e4 fxe4 36. Qxe4 Qe7 37. Kf1 h6 38. gxh6+ Kxh6 39. Qe3+
Kg7 40. Ng5 a5 1/2-1/2

[Event "9MCR_4D_1L_2S"]
[Site "?"]
[Date "2010.??.??"]
[Round "?"]
[White "Nedoma, Petr"]
[Black "Hostinsky, Jiri"]
[Result "1/2-1/2"]
[WhiteElo "2285"]
[BlackElo "2381"]
[Annotator "021"]
[PlyCount "36"]
[EventDate "2010.??.??"]
[EventType "corr"]
[SourceDate "2002.06.29"]

1. e4 c5 2. Nf3 Nc6 3. d4 cxd4 4. Nxd4 Nf6 5. Nc3 d6 6. Bg5 e6 7. Qd2 Be7 8.
O-O-O O-O 9. Kb1 Nxd4 10. Qxd4 Nxe4 11. Nxe4 Bxg5 12. Nxd6 Bf6 13. Qe3 Qc7 14.
Bb5 Be7 15. Qg3 Qc5 16. Be2 a6 17. Ne4 Qa5 18. Nd6 Qc5 1/2-1/2

[Event "9MCR_4D_1L_2S"]
[Site "?"]
[Date "2010.??.??"]
[Round "?"]
[White "Nedoma, Petr"]
[Black "Kudr, Roman"]
[Result "1/2-1/2"]
[WhiteElo "2285"]
[BlackElo "2208"]
[Annotator "067"]
[PlyCount "88"]
[EventDate "2010.??.??"]
[EventType "corr"]
[SourceDate "2002.06.29"]

1. Nf3 Nf6 2. c4 c6 3. d4 d5 4. Nc3 e6 5. e3 Nbd7 6. Bd3 dxc4 7. Bxc4 b5 8. Be2
a6 9. e4 b4 10. e5 bxc3 11. exf6 Nxf6 12. bxc3 Bd6 13. O-O O-O 14. Rb1 Qc7 15.
g3 Bb7 16. Ne5 c5 17. Nc4 Be4 18. Rb3 Be7 19. Bf4 Qa7 20. Nd2 Bd5 21. c4 Bc6
22. Bf3 Ba4 23. Bxa8 Rxa8 24. dxc5 Bxb3 25. Nxb3 Bxc5 26. Bd6 Bxd6 27. Qxd6 h6
28. Qc6 Rb8 29. c5 Qa8 30. Qa4 Rc8 31. Rc1 Qc6 32. Qxc6 Rxc6 33. Kg2 Kf8 34. f4
Ke7 35. Kf3 Rc8 36. Rc4 g5 37. Ra4 Nd7 38. Ra5 Nb8 39. Kf2 Kd8 40. Ke3 Kc7 41.
Ra4 Rd8 42. Kf3 Rd3+ 43. Kg4 Rd5 44. fxg5 Rxg5+ 1/2-1/2

[Event "9MCR_4D_1L_2S"]
[Site "?"]
[Date "2010.??.??"]
[Round "?"]
[White "Nedoma, Petr"]
[Black "Schwarz, Jan"]
[Result "1-0"]
[WhiteElo "2285"]
[BlackElo "2255"]
[Annotator "070"]
[PlyCount "107"]
[EventDate "2010.??.??"]
[EventType "corr"]
[SourceDate "2002.06.29"]

1. Nf3 g6 2. e4 Bg7 3. d4 d6 4. Nc3 a6 5. Be3 b5 6. a4 b4 7. Na2 a5 8. c3 Bb7
9. cxb4 Nf6 10. Bb5+ c6 11. Bd3 axb4 12. Nxb4 Nbd7 13. O-O O-O 14. e5 Ng4 15.
e6 fxe6 16. Qb3 d5 17. Nxd5 exd5 18. Qxb7 Rf6 19. Qb3 Nxe3 20. fxe3 e5 21. Be2
Rb8 22. Qc3 exd4 23. exd4 Qb6 24. Rfd1 Re6 25. a5 Qa7 26. Bd3 c5 27. a6 Reb6
28. Qa5 Rd6 29. b4 cxb4 30. Kh1 b3 31. Rab1 Nf8 32. Re1 Qb6 33. Qa4 Rdd8 34.
Rb2 Qb4 35. Qxb4 Rxb4 36. g3 Rdb8 37. Bf1 Ra4 38. Nd2 Ra3 39. Reb1 Bxd4 40.
Rxb3 Rbxb3 41. Rxb3 Ra1 42. Kg2 Ne6 43. Rd3 Ra2 44. h4 h5 45. Kh3 Ra1 46. Bg2
Rxa6 47. Bxd5 Bf6 48. Re3 Kf7 49. Nb3 Rd6 50. Bc4 Rc6 51. Na5 Rb6 52. Rxe6 Rxe6
53. Nc6 g5 54. hxg5 1-0

[Event "9MCR_4D_1L_2S"]
[Site "?"]
[Date "2010.??.??"]
[Round "?"]
[White "Nedoma, Petr"]
[Black "Strnad, Jiri"]
[Result "1/2-1/2"]
[WhiteElo "2285"]
[BlackElo "2231"]
[Annotator "001"]
[PlyCount "42"]
[EventDate "2010.??.??"]
[EventType "corr"]
[SourceDate "2002.06.29"]

1. Nf3 d5 2. d4 Nf6 3. c4 e6 4. Nc3 c6 5. e3 Nbd7 6. Bd3 dxc4 7. Bxc4 b5 8. Be2
Bb7 9. O-O Be7 10. e4 b4 11. e5 bxc3 12. exf6 Bxf6 13. bxc3 c5 14. dxc5 O-O 15.
Ba3 Be7 16. Rb1 Bd5 17. c4 Be4 18. Bd3 Bxd3 19. Qxd3 Nxc5 20. Qe3 Qc7 21. Rfd1
Rfd8 1/2-1/2

[Event "9MCR_4D_1L_2S"]
[Site "?"]
[Date "2010.??.??"]
[Round "?"]
[White "Nedoma, Petr"]
[Black "Trs, Jan"]
[Result "1-0"]
[WhiteElo "2285"]
[BlackElo "2162"]
[Annotator "076"]
[PlyCount "133"]
[EventDate "2010.??.??"]
[EventType "corr"]
[SourceDate "2002.06.29"]

1. Nf3 d5 2. d4 c6 3. e3 Bf5 4. Bd3 e6 5. O-O Nf6 6. c4 Bg6 7. Nc3 Nbd7 8. Qe2
Bb4 9. Bd2 a5 10. a3 Bxc3 11. Bxc3 O-O 12. Bxg6 hxg6 13. Ng5 dxc4 14. Qxc4 Nb6
15. Qd3 Qd5 16. f4 Qb5 17. Qc2 c5 18. a4 Qc6 19. dxc5 Qxc5 20. Qf2 Ng4 21. Qh4
Qxe3+ 22. Kh1 Nh6 23. Rf3 Qc5 24. Rh3 Rfc8 25. Ne4 Qf8 26. g4 Rxc3 27. Nxc3 f5
28. g5 Ng4 29. Qh8+ Kf7 30. Qxf8+ Rxf8 31. Nd1 Nd5 32. Rf3 Rh8 33. h3 Nxf4 34.
Rxf4 Rxh3+ 35. Kg2 Rh2+ 36. Kg1 Rh5 37. Rc1 Rxg5 38. Rc7+ Kf6 39. Nc3 Ne3+ 40.
Kf2 Ng4+ 41. Kf3 Rh5 42. Ne4+ Ke5 43. Rxb7 Rh3+ 44. Ng3 Nf6 45. Rb5+ Nd5 46.
Kg2 Rh8 47. Rf2 Ra8 48. Ne2 Kf6 49. Nd4 Rd8 50. Nb3 g5 51. Kg1 g4 52. Rxa5 g5
53. Rd2 f4 54. Ra6 g3 55. Nc5 f3 56. Ne4+ Ke5 57. Nxg3 Rc8 58. Ra7 Nf4 59. Kf2
g4 60. Rg7 Rc4 61. Nf1 Nd5 62. Kg3 Rxa4 63. Rg5+ Kf6 64. Rxg4 Ra1 65. Rf2 Re1
66. Nd2 Ne3 67. Re4 1-0

[Event "9MCR_4D_1L_2S"]
[Site "?"]
[Date "2010.??.??"]
[Round "?"]
[White "Paulik, Vaclav"]
[Black "Koukal, Vladimir"]
[Result "1/2-1/2"]
[WhiteElo "2184"]
[BlackElo "2236"]
[Annotator "033"]
[PlyCount "78"]
[EventDate "2010.??.??"]
[EventType "corr"]
[SourceDate "2002.06.29"]

1. e4 e5 2. Nf3 Nc6 3. d4 exd4 4. Nxd4 Bc5 5. Nxc6 Qf6 6. Qd2 dxc6 7. Nc3 Be6
8. Na4 Rd8 9. Bd3 Bd6 10. Nc3 Ne7 11. f4 Bb4 12. O-O Bc4 13. e5 Qe6 14. Qe2
Bxd3 15. cxd3 Nf5 16. Be3 O-O 17. Bf2 Ba5 18. Ne4 Nd4 19. Bxd4 Rxd4 20. Rf3
Rfd8 21. Raf1 h6 22. Kh1 Bb4 23. a3 Bf8 24. Rg3 Qf5 25. Rgf3 Qe6 26. Nc3 f5 27.
Qc2 c5 28. Ne2 R4d7 29. Rc1 Be7 30. a4 h5 31. b3 h4 32. Qc3 c6 33. a5 Rd5 34.
a6 R5d7 35. Ra1 bxa6 36. Rxa6 Rb8 37. Nc1 g5 38. fxg5 Bxg5 39. h3 Re8 1/2-1/2

[Event "9MCR_4D_1L_2S"]
[Site "?"]
[Date "2010.??.??"]
[Round "?"]
[White "Paulik, Vaclav"]
[Black "Kudr, Roman"]
[Result "1/2-1/2"]
[WhiteElo "2184"]
[BlackElo "2208"]
[Annotator "042"]
[PlyCount "62"]
[EventDate "2010.??.??"]
[EventType "corr"]
[SourceDate "2002.06.29"]

1. e4 e5 2. Nf3 Nc6 3. d4 exd4 4. Nxd4 Bc5 5. Nxc6 Qf6 6. Qd2 dxc6 7. Nc3 Be6
8. Na4 Bd6 9. Qe3 Nh6 10. h3 Qe7 11. Bd2 f6 12. c4 Rd8 13. f4 Bb4 14. O-O-O
Bxd2+ 15. Rxd2 Rxd2 16. Qxd2 O-O 17. Qe3 b6 18. Bd3 Rd8 19. Nc3 Nf7 20. Rd1 Qb4
21. g4 Nd6 22. e5 Nxc4 23. Qe2 Re8 24. exf6 gxf6 25. a3 Qb3 26. Bxc4 Qxc4 27.
Qxc4 Bxc4 28. Rd7 Bf1 29. h4 Bh3 30. Rxc7 Bxg4 31. Rxa7 b5 1/2-1/2

[Event "9MCR_4D_1L_2S"]
[Site "?"]
[Date "2010.??.??"]
[Round "?"]
[White "Paulik, Vaclav"]
[Black "Kuta, Miroslav"]
[Result "1/2-1/2"]
[WhiteElo "2184"]
[BlackElo "2285"]
[Annotator "038"]
[PlyCount "80"]
[EventDate "2010.??.??"]
[EventType "corr"]
[SourceDate "2002.06.29"]

1. e4 e5 2. Nf3 Nf6 3. Nxe5 d6 4. Nf3 Nxe4 5. Nc3 Nxc3 6. dxc3 Be7 7. Be3 Nd7
8. Qd2 Ne5 9. O-O-O O-O 10. h4 Re8 11. h5 Bf6 12. h6 Nxf3 13. gxf3 g6 14. Kb1
Be6 15. a3 d5 16. Bd4 Qe7 17. Qf4 Bxd4 18. cxd4 Bf5 19. Rg1 Kf8 20. Bb5 c6 21.
Bd3 Bxd3 22. Rxd3 Red8 23. Qd2 Rd6 24. Re3 Re6 25. Rge1 Qd6 26. Re5 Rae8 27. f4
R6e7 28. f5 Rxe5 29. dxe5 Rxe5 30. Rxe5 Qxe5 31. Qb4+ Qe7 32. Qc3 Qg5 33. Qc5+
Ke8 34. Qxa7 Qxh6 35. Qxb7 Qh1+ 36. Ka2 d4 37. Qb8+ Kd7 38. Qa7+ Ke8 39. fxg6
fxg6 40. Qg7 Kd8 1/2-1/2

[Event "9MCR_4D_1L_2S"]
[Site "?"]
[Date "2010.??.??"]
[Round "?"]
[White "Paulik, Vaclav"]
[Black "Nedoma, Petr"]
[Result "1/2-1/2"]
[WhiteElo "2184"]
[BlackElo "2285"]
[Annotator "044"]
[PlyCount "74"]
[EventDate "2010.??.??"]
[EventType "corr"]
[SourceDate "2002.06.29"]

1. e4 c5 2. c3 Nc6 3. d4 d5 4. exd5 Qxd5 5. Nf3 Bf5 6. Be3 cxd4 7. Nxd4 e6 8.
Nd2 Bc5 9. Nxf5 Qxf5 10. Nc4 Rd8 11. Qb3 Nge7 12. Be2 b6 13. O-O O-O 14. Rad1
g6 15. Qa4 Bxe3 16. Nxe3 Qc5 17. Rfe1 Kg7 18. Bb5 Ne5 19. Rd4 N7c6 20. Nc2 Ne7
21. Red1 N7c6 22. Bxc6 Qxc6 23. Qxa7 Ra8 24. Qe7 Rxa2 25. Nb4 Qc5 26. Qxc5 bxc5
27. Nxa2 cxd4 28. cxd4 Rd8 29. Nc3 Nc4 30. b3 Nd6 31. d5 Rc8 32. Na2 exd5 33.
Rxd5 Ne4 34. f3 Rc2 35. fxe4 Rxa2 36. e5 Rb2 37. Rb5 Kf8 1/2-1/2

[Event "9MCR_4D_1L_2S"]
[Site "?"]
[Date "2010.??.??"]
[Round "?"]
[White "Paulik, Vaclav"]
[Black "Strnad, Jiri"]
[Result "1/2-1/2"]
[WhiteElo "2184"]
[BlackElo "2231"]
[Annotator "032"]
[PlyCount "72"]
[EventDate "2010.??.??"]
[EventType "corr"]
[SourceDate "2002.06.29"]

1. e4 c5 2. c3 Nf6 3. e5 Nd5 4. d4 cxd4 5. Nf3 d6 6. Bc4 Nb6 7. Bb3 Nc6 8. exd6
Qxd6 9. O-O Be6 10. Na3 dxc3 11. Qe2 Bxb3 12. Nb5 Qb8 13. axb3 e6 14. bxc3 Be7
15. g3 Qc8 16. Bg5 f6 17. Be3 Nd5 18. Bd4 a6 19. c4 Ndb4 20. Nc3 O-O 21. Bb6 e5
22. Rfd1 Rf7 23. Ne1 f5 24. Nd5 Qf8 25. Nxb4 Nxb4 26. Rd7 Bd6 27. Rxf7 Qxf7 28.
Rd1 Bc7 29. Bxc7 Qxc7 30. Qd2 Qe7 31. Qd7 Qxd7 32. Rxd7 b5 33. Rb7 Nc6 34. cxb5
axb5 35. Kg2 Rb8 36. Rc7 Nd4 1/2-1/2

[Event "9MCR_4D_1L_2S"]
[Site "?"]
[Date "2010.??.??"]
[Round "?"]
[White "Paulik, Vaclav"]
[Black "Trs, Jan"]
[Result "1-0"]
[WhiteElo "2184"]
[BlackElo "2162"]
[Annotator "074"]
[PlyCount "145"]
[EventDate "2010.??.??"]
[EventType "corr"]
[SourceDate "2002.06.29"]

1. e4 c5 2. c3 d5 3. exd5 Qxd5 4. d4 Nf6 5. Nf3 Bg4 6. dxc5 Qxc5 7. h3 Bd7 8.
Na3 e6 9. Be3 Qa5 10. Nc4 Qc7 11. Bd3 Be7 12. O-O O-O 13. Qe2 Nc6 14. Rad1 Nd5
15. Bc1 Rad8 16. Rfe1 f6 17. Bc2 b5 18. Qd3 g6 19. Ne3 Nf4 20. Qf1 a6 21. a4
Kh8 22. axb5 axb5 23. Ng4 Bd6 24. Bb3 e5 25. Bxf4 exf4 26. Be6 h5 27. Ngh2 b4
28. Bxd7 Qxd7 29. cxb4 Nxb4 30. Nd4 Rfe8 31. Rxe8+ Qxe8 32. Nhf3 Qf7 33. Nb5
Be7 34. Rxd8+ Bxd8 35. Qe2 Qd7 36. Nbd4 Bb6 37. Qe4 g5 38. Ne6 Nd5 39. b4 Nc7
40. Nc5 Bxc5 41. bxc5 Kg7 42. Nd4 Kf8 43. c6 Qe7 44. Qf5 Qe1+ 45. Kh2 Qe5 46.
Qc8+ Kf7 47. Qd7+ Qe7 48. Qf5 Ke8 49. Qg6+ Qf7 50. Qh6 Ke7 51. h4 f3 52. hxg5
fxg5 53. Qxg5+ Kd6 54. g3 Qa2 55. Qf4+ Kc5 56. Qxc7 Qxf2+ 57. Kh3 Qg2+ 58. Kh4
f2 59. Qe5+ Kb6 60. Qb8+ Kc5 61. Ne6+ Kc4 62. Qf4+ Kb5 63. c7 f1=Q 64. Qe5+ Kb4
65. c8=Q Qh2+ 66. Kg5 Qd2+ 67. Nf4 Qb5 68. Qf8+ Kc4 69. Qf7+ Kb4 70. Qxb5+ Kxb5
71. Qd5+ Qxd5+ 72. Nxd5 Kc6 73. Nf4 1-0

[Event "9MCR_4D_1L_2S"]
[Site "?"]
[Date "2010.??.??"]
[Round "?"]
[White "Schwarz, Jan"]
[Black "Koukal, Vladimir"]
[Result "1/2-1/2"]
[WhiteElo "2255"]
[BlackElo "2236"]
[Annotator "008"]
[PlyCount "63"]
[EventDate "2010.??.??"]
[EventType "corr"]
[SourceDate "2002.06.29"]

1. e4 e5 2. Nf3 Nc6 3. Bb5 a6 4. Ba4 Nf6 5. O-O Be7 6. Re1 d6 7. c3 O-O 8. h3
Be6 9. d4 exd4 10. cxd4 d5 11. e5 Ne4 12. Nbd2 Bf5 13. Bc2 Nxd2 14. Bxd2 Bxc2
15. Qxc2 Qd7 16. Rac1 h6 17. Re3 a5 18. Qa4 Ra6 19. a3 Rc8 20. Rce1 Qe6 21. Rc3
Rb8 22. Rd3 b5 23. Qc2 a4 24. Rc1 b4 25. axb4 Rxb4 26. Bxb4 Nxb4 27. Qe2 Nxd3
28. Qxd3 Rc6 29. Ra1 Qd7 30. Qd1 Ra6 31. Ne1 Ra7 32. Nd3 1/2-1/2

[Event "9MCR_4D_1L_2S"]
[Site "?"]
[Date "2010.??.??"]
[Round "?"]
[White "Schwarz, Jan"]
[Black "Kuta, Miroslav"]
[Result "1/2-1/2"]
[WhiteElo "2255"]
[BlackElo "2285"]
[Annotator "005"]
[PlyCount "44"]
[EventDate "2010.??.??"]
[EventType "corr"]
[SourceDate "2002.06.29"]

1. e4 e5 2. Nf3 Nf6 3. Nxe5 d6 4. Nf3 Nxe4 5. d4 d5 6. Bd3 Nc6 7. O-O Be7 8. c4
Nb4 9. Be2 O-O 10. a3 Nc6 11. cxd5 Qxd5 12. Nc3 Nxc3 13. bxc3 Bf5 14. Re1 Rfe8
15. Bf4 Rac8 16. Bd3 Qd7 17. Rb1 Bxd3 18. Qxd3 b6 19. a4 h6 20. Qb5 Bd6 21.
Bxd6 cxd6 22. g3 Kf8 1/2-1/2

[Event "9MCR_4D_1L_2S"]
[Site "?"]
[Date "2010.??.??"]
[Round "?"]
[White "Schwarz, Jan"]
[Black "Mikoska, Josef"]
[Result "1/2-1/2"]
[WhiteElo "2255"]
[BlackElo "2242"]
[Annotator "027"]
[PlyCount "86"]
[EventDate "2010.??.??"]
[EventType "corr"]
[SourceDate "2002.06.29"]

1. Nf3 Nf6 2. c4 c5 3. Nc3 Nc6 4. g3 g6 5. Bg2 Bg7 6. d4 cxd4 7. Nxd4 O-O 8.
O-O Nxd4 9. Qxd4 d6 10. Qd3 a6 11. Bd2 Rb8 12. Rac1 Bf5 13. e4 Bd7 14. h3 b5
15. cxb5 axb5 16. b4 Bc6 17. Be3 Qd7 18. Rc2 Rfc8 19. Rfc1 Qe8 20. g4 Nd7 21.
f4 g5 22. Nd5 Bxd5 23. exd5 gxf4 24. Bxf4 Ne5 25. Qf5 e6 26. Qe4 Rxc2 27. Rxc2
Qe7 28. Bg3 Qa7+ 29. Kh2 Rf8 30. Qe2 Qa4 31. a3 Qb3 32. Rd2 Nc4 33. Rd3 Qb2 34.
Qxb2 Nxb2 35. Rd2 Nc4 36. Ra2 Be5 37. dxe6 fxe6 38. Bc6 Bxg3+ 39. Kxg3 Rb8 40.
a4 bxa4 41. Rxa4 Rb6 42. b5 Ne5 43. Ra8+ Kg7 1/2-1/2

[Event "9MCR_4D_1L_2S"]
[Site "?"]
[Date "2010.??.??"]
[Round "?"]
[White "Schwarz, Jan"]
[Black "Paulik, Vaclav"]
[Result "0-1"]
[WhiteElo "2255"]
[BlackElo "2184"]
[Annotator "071"]
[PlyCount "112"]
[EventDate "2010.??.??"]
[EventType "corr"]
[SourceDate "2002.06.29"]

1. d4 Nf6 2. Bg5 e6 3. e4 h6 4. Bxf6 Qxf6 5. Nc3 d6 6. Qd2 g5 7. g3 Bg7 8. Nb5
Na6 9. O-O-O e5 10. d5 Qe7 11. Nc3 Nc5 12. Kb1 a6 13. f3 h5 14. Qe2 b5 15. a3
f5 16. b4 Na4 17. Nxa4 bxa4 18. Qc4 O-O 19. Bd3 a5 20. b5 Bd7 21. Qxa4 g4 22.
Ka2 Qg5 23. exf5 Bxf5 24. h4 Qe3 25. Bxf5 Rxf5 26. fxg4 hxg4 27. h5 e4 28. h6
Be5 29. Rh4 Qxg3 30. Qxe4 Rf4 31. Qg6+ Kh8 32. Ne2 Qxh4 33. Nxf4 g3 34. Qg7+
Bxg7 35. Ng6+ Kh7 36. Nxh4 Bf6 37. Nf5 g2 38. Rg1 Rg8 39. Ng7 Kxh6 40. Nf5+ Kh7
41. c4 a4 42. Kb1 Rg5 43. Nh4 Rg3 44. Rxg2 Rxa3 45. Rg4 Ra1+ 46. Kc2 Ra2+ 47.
Kd3 Rf2 48. c5 a3 49. Ra4 a2 50. cxd6 cxd6 51. Nf5 a1=Q 52. Rxa1 Bxa1 53. Nxd6
Kg6 54. Kc4 Rc2+ 55. Kb4 Bd4 56. Nc4 Rc1 0-1

[Event "9MCR_4D_1L_2S"]
[Site "?"]
[Date "2010.??.??"]
[Round "?"]
[White "Strnad, Jiri"]
[Black "Cerveny, Libor"]
[Result "1/2-1/2"]
[WhiteElo "2231"]
[BlackElo "2050"]
[Annotator "009"]
[PlyCount "59"]
[EventDate "2010.??.??"]
[EventType "corr"]
[SourceDate "2002.06.29"]

1. e4 e6 2. d4 d5 3. Nd2 c5 4. exd5 exd5 5. Ngf3 a6 6. Be2 c4 7. O-O Bd6 8. b3
cxb3 9. axb3 Ne7 10. Re1 O-O 11. Nf1 Nbc6 12. Ne3 Be6 13. c4 h6 14. Bd2 Nf5 15.
Nxd5 Bxd5 16. cxd5 Ncxd4 17. Bd3 Qf6 18. Kh1 Nb5 19. Rc1 Rae8 20. Rc4 Rxe1+ 21.
Qxe1 Ne7 22. h4 Rd8 23. Qe4 Qg6 24. Qxg6 fxg6 25. Be4 Nc7 26. Ba5 Rd7 27. Bxc7
Bxc7 28. g4 Bb8 29. Rd4 Kf7 30. Rd3 1/2-1/2

[Event "9MCR_4D_1L_2S"]
[Site "?"]
[Date "2010.??.??"]
[Round "?"]
[White "Strnad, Jiri"]
[Black "Hostinsky, Jiri"]
[Result "0-1"]
[WhiteElo "2231"]
[BlackElo "2381"]
[Annotator "063"]
[PlyCount "66"]
[EventDate "2010.??.??"]
[EventType "corr"]
[SourceDate "2002.06.29"]

1. d4 Nf6 2. c4 g6 3. Nc3 Bg7 4. e4 d6 5. Nf3 O-O 6. Be2 e5 7. O-O Nc6 8. d5
Ne7 9. Ne1 Nd7 10. Nd3 f5 11. f3 f4 12. Bd2 g5 13. Rc1 Ng6 14. b4 Nf6 15. c5
Rf7 16. b5 h5 17. Be1 g4 18. Kh1 Bh6 19. Rc2 Rg7 20. Rg1 g3 21. hxg3 fxg3 22.
Bxg3 h4 23. Be1 Nh5 24. c6 Ngf4 25. cxb7 Bxb7 26. Nf2 Ng3+ 27. Kh2 Bc8 28. Bc4
Kh7 29. Bb3 Qf6 30. Ng4 Bxg4 31. fxg4 Rag8 32. Qf3 Rxg4 33. Nd1 h3 0-1

[Event "9MCR_4D_1L_2S"]
[Site "?"]
[Date "2010.??.??"]
[Round "?"]
[White "Strnad, Jiri"]
[Black "Kudr, Roman"]
[Result "1/2-1/2"]
[WhiteElo "2231"]
[BlackElo "2208"]
[Annotator "036"]
[PlyCount "53"]
[EventDate "2010.??.??"]
[EventType "corr"]
[SourceDate "2002.06.29"]

1. d4 d5 2. c4 c6 3. Nf3 Nf6 4. Nc3 e6 5. e3 Nbd7 6. Bd3 dxc4 7. Bxc4 b5 8. Bd3
Bb7 9. e4 b4 10. Na4 c5 11. e5 Nd5 12. Nxc5 Nxc5 13. dxc5 Bxc5 14. Qa4+ Ke7 15.
O-O h6 16. Ba6 Qb6 17. Bxb7 Qxb7 18. Qc2 Rac8 19. Qe4 Rhd8 20. Qh7 Rh8 21. Qe4
Qb5 22. Bd2 Rhd8 23. Qh7 Qc4 24. Rac1 Qg4 25. h3 Qg6 26. Qxg6 fxg6 27. Rfd1
1/2-1/2